Kombinácia čiarového a 2D kódu

Využívanie čiarových kódov pri digitalizácii logistiky a zásobovania. Výhody a nevýhody kódov. Aktuálne trendy.

Salvato in:
Dettagli Bibliografici
Autore principale: Szmrecsányi, Tomáš
Natura: Capitolo di libro
Lingua:slovacco
Soggetti:
Tags: Aggiungi Tag
Nessun Tag, puoi essere il primo ad aggiungerne!!

MARC

LEADER 00000naa a2200000 4500
001 0276659
005 20210629104051.3
041 0 |a slo 
044 |a CZ 
245 1 0 |a Kombinácia čiarového a 2D kódu  |c Tomáš Szmrecsányi 
520 |a Využívanie čiarových kódov pri digitalizácii logistiky a zásobovania. Výhody a nevýhody kódov. Aktuálne trendy. 
610 2 0 |a kódy čiarové 
610 2 0 |a logistika 
610 2 0 |a automatizácia 
610 2 0 |a zásobovanie 
610 2 0 |a digitalizácia 
100 1 |a Szmrecsányi, Tomáš